Xã hội học Sociology

Gardado en:
Detalles Bibliográficos
Autor Principal: Viện Xã hội học
Formato: Libro
Idioma:Undetermined
Những chủ đề:
Acceso en liña:http://lrc.tdmu.edu.vn/opac/search/detail.asp?aID=2&ID=17607
Các nhãn: Engadir etiqueta
Sen Etiquetas, Sexa o primeiro en etiquetar este rexistro!
Thư viện lưu trữ: Trung tâm Học liệu Trường Đại học Thủ Dầu Một
LEADER 00567nam a2200157Ia 4500
001 TDMU_17607
008 210410s9999 xx 000 0 und d
082 |a NULL 
100 |a Viện Xã hội học 
245 0 |a Xã hội học 
245 0 |b Sociology 
245 0 |c Viện Xã hội học-Viện Hàn lâm Khoa học Xã hội Việt Nam 
300 |a 140Tr 
650 |a Tạp chí Xã hội học 
856 |u http://lrc.tdmu.edu.vn/opac/search/detail.asp?aID=2&ID=17607 
980 |a Trung tâm Học liệu Trường Đại học Thủ Dầu Một